000
00209 a2200097 4500
001
3964
100
_a
Voorhes
245
_a
Differential & integral calculas
260
_a
_b
Mcgrawhill
_c
090
_c
3193
_d
3193
942
_a
NUST-CAE
_c
M
_c
24369
999
_c
239037
_d
239037